| 000 | 00741cam a22002291 4500 | ||
|---|---|---|---|
| 001 | sa 66000883 | ||
| 003 | DLC | ||
| 005 | 20260227112218.0 | ||
| 008 | 850226m19629999ii 000 0 tamx | ||
| 010 | _asa 66000883 | ||
| 035 | _a(OCoLC)13887733 | ||
| 040 |
_aDLC _cNN _dDLC |
||
| 042 | _apremarc | ||
| 050 | 0 | 0 |
_aR127.2 _b.D45 |
| 100 | 0 | _aDhanvantarī. | |
| 245 | 1 | 0 |
_aTanvantarī vaityam. _bS. Veṅkaṭarājan̲ avarkaḷāl patippikkappaṭṭatu. |
| 260 |
_a[Tañcavūr] : _bTañcāvūr Carapōji Sarasvatimahāl Nūlnilaya Nirvākak Kul̲uvin̲arukkākak Kaurava Kāriyatarici S. Kōpālān, _c1962- |
||
| 300 |
_av. _c24 cm. |
||
| 500 | _aIn Tamil. | ||
| 650 | 0 | _aMedicine, Ayurvedic. | |
| 700 | 1 |
_aVeṅkaṭarājan̲, S. _eed. |
|
| 999 |
_c67476 _d67476 |
||